Interactive computing series : (Record no. 132573)

MARC details
000 -LEADER
fixed length control field 00827nam a2200253 a 4500
008 - FIXED-LENGTH DATA ELEMENTS--GENERAL INFORMATION
fixed length control field
020 ## - INTERNATIONAL STANDARD BOOK NUMBER
International Standard Book Number 0072472545 (pbk.)
049 ## - LOCAL HOLDINGS (OCLC)
Holding library MAIN
090 ## - LOCALLY ASSIGNED LC-TYPE CALL NUMBER (OCLC); LOCAL CALL NUMBER (RLIN)
Classification number (OCLC) (R) ; Classification number, CALL (RLIN) (NR) QA76.9.I58
Local cutter number (OCLC) ; Book number/undivided call number, CALL (RLIN) LAU
003 - CONTROL NUMBER IDENTIFIER
control field
005 - DATE AND TIME OF LATEST TRANSACTION
control field 20230123124923.0
040 ## - CATALOGING SOURCE
Transcribing agency NUST
100 1# - MAIN ENTRY--PERSONAL NAME
Personal name Laudon Kenneth C.
245 10 - TITLE STATEMENT
Title Interactive computing series :
Remainder of title microsoft excel 2002 /
Statement of responsibility, etc. Kenneth C. Laudon, Kenneth Rosenblatt and David Langley.
260 ## - PUBLICATION, DISTRIBUTION, ETC.
Place of publication, distribution, etc. Boston, :
Name of publisher, distributor, etc. McGrall-Hill Irwin,
Date of publication, distribution, etc. 2002.
300 ## - PHYSICAL DESCRIPTION
Extent xvi, various pagings :
Other physical details col ill ;
Dimensions 28 cm.
500 ## - GENERAL NOTE
General note Includes index .
504 ## - BIBLIOGRAPHY, ETC. NOTE
Bibliography, etc. note Includes bibliographical references.
650 #1 - SUBJECT ADDED ENTRY--TOPICAL TERM
Topical term or geographic name entry element Interactive computer systems.
700 ## - ADDED ENTRY--PERSONAL NAME
Personal name Langley, David.
700 ## - ADDED ENTRY--PERSONAL NAME
Personal name Rosenblatt, Kenneth.
907 ## - LOCAL DATA ELEMENT G, LDG (RLIN)
a .b10259326
b 23-04-12
c 16-12-08
942 ## - ADDED ENTRY ELEMENTS (KOHA)
Koha item type Ordinary Loan Books
Call number prefix QA76.9.I58
Call number suffix LAU
Holdings
Date last seen Total Checkouts Full call number Barcode Cost, replacement price Price effective from Koha item type Lost status Source of classification or shelving scheme Damaged status Not for loan Collection Withdrawn status Home library Current library Shelving location Date acquired Cost, normal purchase price
01/23/2023   QA76.9.I58 LAU 92004009672 80.00 01/23/2023 BOOKS   LCC     NFIC   MAIN MAIN GEN 01/23/2023 80.00